Auditoría (Record no. 80718)

MARC details
000 -LEADER
campo de control de longitud fija 00820nam a2200217 i 4500
001 - NÚMERO DE CONTROL
campo de control 80718
003 - IDENTIFICADOR DE NÚMERO DE CONTROL
campo de control ES-MaACL
005 - FECHA Y HORA DE LA ÚLTIMA TRANSACCIÓN
campo de control 20230906174259.0
007 - CAMPO FIJO DE DESCRIPCIÓN FÍSICA--INFORMACIÓN GENERAL
campo de control de longitud fija t|
008 - DATOS DE LONGITUD FIJA--INFORMACIÓN GENERAL
campo de control de longitud fija 041029s1952 mx ||||1| spa d
100 1# - ENTRADA PRINCIPAL--NOMBRE DE PERSONA
Nombre de persona Holmes, Arthur Wellington.
9 (RLIN) 64052
245 10 - MENCIÓN DEL TÍTULO
Título Auditoría
Resto del título : principios y procedimientos /
Mención de responsabilidad, etc. por Arthur W. Holmes ; traducción castellana por I.G. del Castillo ; revisión de la traducción por Marín Civera.
260 ## - PUBLICACIÓN, DISTRIBUCIÓN, ETC.
Lugar de publicación, distribución, etc. México :
Nombre del editor, distribuidor, etc. Unión Tipográfica Editorial Hispano-Americana,
Fecha de publicación, distribución, etc. [1952]
300 ## - DESCRIPCIÓN FÍSICA
Extensión 2 v. :
Otras características físicas il. ;
Dimensiones 23 cm.
490 1# - MENCIÓN DE SERIE
Mención de serie Biblioteca de contabilidad superior
700 1# - ENTRADA AGREGADA--NOMBRE PERSONAL
Nombre de persona Castillo, I. G. del.
9 (RLIN) 36692
700 1# - ENTRADA AGREGADA--NOMBRE PERSONAL
Nombre de persona Civera, Marín.
9 (RLIN) 38957
830 0# - PUNTO DE ACCESO ADICIONAL DE SERIE-TÍTULO UNIFORME
Título uniforme Biblioteca de contabilidad superior
9 (RLIN) 231504
852 ## - LOCALIZACIÓN
Ubicación ES-MaACL
Número de control de estantería C-16869-70
Sublocalización o colección R.45187
Holdings
Estatus retirado Estado de pérdida Estado de daño No para préstamo Biblioteca de origen Biblioteca actual Ubicación en estantería Fecha de adquisición Fuente de adquisición Total de préstamos Signatura topográfica completa Código de barras Visto por última vez Precio de reemplazo Tipo de ítem Koha
        Biblioteca del Ateneo de Madrid Biblioteca del Ateneo de Madrid Mesetón 17/01/2008     C-16869-70 1084392 23/02/2023 23/02/2023 Libro impreso